Noncompact problems at the intersection of geometry, analysis, and topology : proceedings of the Brezis-Browder Conference, Noncompact Variational Problems and General Relativity, October 14-18, 2001, Rutgers, the State University of New Jersey, New Brunswick, NJ

Saved in:
Bibliographic Details
Corporate Author: Brezis-Browder Conference, Noncompact Variational Problems and General Relativity
Other Authors: Bahri, Abbas (Editor), Klainerman, Sergiu 1950- (Editor), Vogelius, M. (Michael) (Editor)
Format: Book
Language:English
Published: Providence, R.I. : American Mathematical Society, c2004
Series:Contemporary mathematics (American Mathematical Society) ; ; 350
Subjects:
Tags: Add Tag
No Tags, Be the first to tag this record!

MARC

LEADER 00000nam a2200000 i 4500
001 1/69343
008 050111s2004 eng d
020 |a 0-8218-3635-8 
035 |l 10075938 
040 |a GR-MY-UA  |b gre  |e aacr 
041 0 |a eng 
082 0 |a 516.36  |2 (21) 
110 2 |a Brezis-Browder Conference, Noncompact Variational Problems and General Relativity. 
245 1 0 |a Noncompact problems at the intersection of geometry, analysis, and topology :  |b proceedings of the Brezis-Browder Conference, Noncompact Variational Problems and General Relativity, October 14-18, 2001, Rutgers, the State University of New Jersey, New Brunswick, NJ /  |c Abbas Bahri, Sergiu Klainerman, Michael Vogelius, editors 
260 |a Providence, R.I. :   |b American Mathematical Society,   |c c2004 
300 |a ix, 252 σ.;  |b εικ.;  |c 26 εκ. 
490 1 |a Contemporary mathematics  |v ; 350 
504 |a Περιέχει βιβλιογραφικές αναφορές 
650 0 0 |a Geometry, Differential  |x Congresses. 
650 0 0 |a Functional analysis  |x Congresses. 
650 0 0 |a Calculus of variations  |x Congresses. 
700 1 |a Bahri, Abbas.  |4 edt 
700 1 |a Klainerman, Sergiu  |d 1950-  |4 edt 
700 1 |a Vogelius, M.  |q (Michael)  |4 edt 
830 0 |a Contemporary mathematics (American Mathematical Society) ;  |v ; 350 
852 |a INST  |b SAMOS  |e 20050111  |h 516.36 BRE  |p 005300022871  |q 005300022871  |t BK  |y 0 
901 |a BIBL3-2004-3 
909 |a Σ  |b 115110 
922 |a 3ΕΛΗ  |b 200406  |c ΕΠΕΑΕΚ2/ΤΜΗΜΑ ΜΑΘΗΜΑΤΙΚΩΝ  |d ΜΙΧΑΛΟΠΟΥΛΟΣ 
970 |a ΚΟΣΙΕΡΗΣ  |b ΧΡΗΣΤΟΣ  |z 2005/01/11